000 00396cam a22001217a 4500
008 180718b1976 xxu||||| |||| 00| 0 eng d
082 _aF51x54 M691
100 _aMisra, B.B.
245 _aIndian political parties: an historical analysis of political behaviour up to 1947
_cby B.B. Misra
260 _aDelhi
_bOxford University Press
_c1976
300 _a665p.
650 _aPolitical parties --India
999 _c349086
_d349086